000
00263 a2200133 4500
001
48002
040
_c
Anchieta - Aquarius
100
_a
Morus, Thomas
240
1
0
_a
Utopia
_l
por
245
1
0
_a
Utopia
300
_a
62
650
4
_a
Literatura inglesa
942
_c
BK
999
_c
48002
_d
48002